Building a common vision for sustainable food and agriculture : (Record no. 14531)

000 -LEADER
fixed length control field 00658cam a2200193Ia 4500
020 ## - INTERNATIONAL STANDARD BOOK NUMBER
ISBN 9789251084717 (print)
020 ## - INTERNATIONAL STANDARD BOOK NUMBER
ISBN 9251084718 (print)
020 ## - INTERNATIONAL STANDARD BOOK NUMBER
ISBN 9789251084724 (pdf)
020 ## - INTERNATIONAL STANDARD BOOK NUMBER
ISBN 9251084726 (pdf)
040 ## - CATALOGING SOURCE
Transcribing agency DJB
082 ## - DEWEY DECIMAL CLASSIFICATION NUMBER
Classification number 630 FOO 2004 A051 Or.
245 00 - TITLE STATEMENT
Title Building a common vision for sustainable food and agriculture :
Remainder of title principles and approaches.
260 ## - PUBLICATION, DISTRIBUTION, ETC. (IMPRINT)
Place of publication Rome :
Name of publisher Food and Agriculture Organization of the United Nations,
Year of publication 2014.
300 ## - PHYSICAL DESCRIPTION
Number of Pages 50 p. :
Other physical details col. ill. ;
Dimensions 30 cm.
650 #0 - SUBJECT ADDED ENTRY--TOPICAL TERM
Topical Term Sustainable agriculture.
650 #0 - SUBJECT ADDED ENTRY--TOPICAL TERM
Topical Term Food supply.
710 2# - ADDED ENTRY--CORPORATE NAME
Corporate name or jurisdiction name as entry element Food and Agriculture Organization of the United Nations.
942 ## - ADDED ENTRY ELEMENTS (KOHA)
Koha item type សៀវភៅភាសាអង់គ្លេស
952 ## - LOCATION AND ITEM INFORMATION (KOHA)
Withdrawn status [LOCAL, KOHA] 0
Holdings
Permanent Location Date acquired Koha item type Lost status Shelving location Barcode Current Location Full call number
Library Block A2017-10-18សៀវភៅភាសាអង់គ្លេស A052RUA057408Library Block A630 FOO 2004 A052 Or.
មជ្ឈមណ្ឌលឯការនៃសាកលវិទ្យាល័យភូមិន្ទកសិកម្មចំការដូង

Powered by Koha